Xarxa d'Observatoris del Desenvolupament Econòmic Local : XODEL 20 anys XODEL 20 anys
Descripción Física:
33 pàgines : il·lustracions ; 21 cm
Materias:
Barcelona (Catalunya : Província). -- Xarxa d'Observatoris del Desenvolupament Econòmic Local
; Serveis municipals -- Barcelona (Catalunya : Província)
; Desenvolupament econòmic -- Barcelona (Província)
; Directoris
Idioma:
Catalán
MARC
| LEADER | 00000nam a2200000 a 4500 | ||
|---|---|---|---|
| 001 | 26224 | ||
| 008 | 220711b spa||||| |||| 00| 0 cat d | ||
| 017 | |a DL B 21756-2014 | ||
| 080 | |a FU-72-14 | ||
| 245 | 0 | 0 | |a Xarxa d'Observatoris del Desenvolupament Econòmic Local : |b XODEL 20 anys |
| 246 | 3 | 3 | |a Xodel |
| 260 | |a Barcelona : |b Diputació de Barcelona. Àrea de Desenvolupament Econòmic Local, |c 2014 | ||
| 300 | |a 33 pàgines : |b il·lustracions ; |c 21 cm | ||
| 610 | 0 | |a Barcelona (Catalunya : Província). |b Xarxa d'Observatoris del Desenvolupament Econòmic Local |9 53843 | |
| 650 | 0 | |a Serveis municipals |x Barcelona (Catalunya : Província) |9 30634 | |
| 650 | 0 | |a Desenvolupament econòmic |x Barcelona (Província) |9 41370 | |
| 655 | 0 | |9 53154 |a Directoris | |
| 710 | |a Barcelona (Catalunya : Província). |b Àrea de Desenvolupament Econòmic Local |9 52903 | ||
| 901 | |a Arxiu | ||
| 942 | |n 1 |2 udc |c ARXIU | ||
| 952 | |0 0 |1 0 |4 0 |6 FU7214 |7 1 |9 62741 |a Arxiu |b Arxiu |d 2022-07-11 |l 0 |o FU-72-14 |p 26224 |r 2022-07-11 00:00:00 |w 2022-07-11 |y ARXIU | ||
| 999 | |c 82260 |d 82260 | ||